Normal view
MARC view
Entry Topical Term
001 - CONTROL NUMBER
- control field: 12651
003 - CONTROL NUMBER IDENTIFIER
- control field: OSt
005 - DATE AND TIME OF LATEST TRANSACTION
- control field: 20191025114435.0
008 - FIXED-LENGTH DATA ELEMENTS
- fixed length control field: 191025|| aca||aabn | a|a d
040 ## - CATALOGING SOURCE
- Original cataloging agency: OSt
- Transcribing agency: OSt
150 ## - HEADING--TOPICAL TERM
- Topical term or geographic name entry element: Civil aviation - India
670 ## - SOURCE DATA FOUND
- Source citation: Work cat.: (OSt): India. Ministry of Civil Aviation 12650, Annual report 2017-18, 2018
